| 000 | 01596nam a2200385 i 4500 | ||
|---|---|---|---|
| 003 | CO-BoRNBP | ||
| 005 | 20230504221913.0 | ||
| 007 | ta | ||
| 008 | 211028s2021 ck a ||br ||| 00| 0cspa d | ||
| 020 | _a9789584298348 | ||
| 020 | _a9584298348 | ||
| 040 |
_aCO-BoRNBP _bspa _erda _cCO-BoRNBP |
||
| 041 | 0 | _aspa | |
| 043 |
_as-ck--- _as-ec--- |
||
| 082 | 0 | 4 |
_a920.72 _bA52c _222 |
| 100 | 1 |
_aAndrade, Tatiana _eautora _91721 |
|
| 245 | 1 | 0 |
_aCuentos de buenas noches para niñas rebeldes _b100 mujeres extraordinarias de Colombia y Ecuador _ctextos Tatiana Andrade, Juliana Muñoz Toro, Lina Tono |
| 246 | 3 | 3 |
_aCuentos de buenas noches para niñas rebeldes _bcien mujeres extraordinarias de Colombia y Ecuador |
| 250 | _aEdición especial | ||
| 264 | 1 |
_aBogotá, Colombia _bEditorial Planeta Colombiana _c2021 |
|
| 300 |
_a207 páginas _bilustraciones a color _c24 cm |
||
| 336 |
_atexto _btxt _2rdacontent |
||
| 337 |
_asin mediación _bn _2rdamedia |
||
| 338 |
_avolumen _bnc _2rdacarrier |
||
| 490 | 0 | _aPlan Nacional de Lectura y Escritura Leer es mi Cuento / Ministerio de Cultura | |
| 490 | 0 | _aNiñas rebeldes | |
| 500 | _aIncluye listado de las mujeres biografiadas y de las 50 ilustradoras del texto | ||
| 521 | _aRecomendado para un público infantil mayor de 9 años | ||
| 534 | _tAnne Frank | ||
| 650 | 1 | 7 |
_aMujeres colombianas _xLiteratura infantil _vBiografías _2LEMB _91722 |
| 650 | 1 | 7 |
_aMujeres ecuatorianas _xLiteratura infantil _vBiografías _2LEMB _91723 |
| 700 | 1 |
_aMuñoz Toro, Juliana _d1988- _eautora _91724 |
|
| 700 | 1 |
_aTono, Lina _d1984- _eautora _91725 |
|
| 942 |
_2ddc _cBKINF |
||
| 999 |
_c9475 _d9475 |
||